| 000 | 00386nam a2200157 a 4500 | ||
|---|---|---|---|
| 005 | 20140414132100.0 | ||
| 008 | 100626s19uu xx 00 eng d | ||
| 020 | _a0-439-44225-7 | ||
| 050 |
_aFIC _bM77 2003 |
||
| 100 | _aMooney, E.S. | ||
| 245 | _aMojo and Mini-mo. | ||
| 260 |
_aNew York : _bScholastic, _c2003. |
||
| 300 | _a60 | ||
| 440 | _aThe Powerpuff Girls | ||
| 999 |
_c114419 _d114419 |
||